[Event "World Cities Team KO"]
[Site "Al-Ain UAE"]
[Date "2012.12.25"]
[Round "1.26"]
[White "Kotsur,P"]
[Black "Kvon,A"]
[Result "1-0"]
[WhiteElo "2550"]
[BlackElo "2501"]

1.Nf3 Nf6 2.c4 e6 3.Nc3 d5 4.d4 c6 5.e3 a6 6.a3 Nbd7 7.Qc2 Bd6 8.e4 dxe4
9.Nxe4 Nxe4 10.Qxe4 c5 11.Bd3 cxd4 12.b4 Nf6 13.Qxd4 e5 14.Qe3 e4 15.Be2 O-O
16.Nd4 a5 17.Rb1 axb4 18.axb4 Be5 19.Nb5 Bd7 20.Nc3 Bg4 21.Nd1 Bd4 22.Qd2 Be6
23.O-O Rc8 24.Qc2 Qc7 25.Bb2 Rfd8 26.Bxd4 Rxd4 27.Ne3 b6 28.Rfd1 Rxd1+ 29.Rxd1 h6
30.Qd2 Nd7 31.Qd4 Qe5 32.Bg4 Bxg4 33.Nxg4 Qxd4 34.Rxd4 f5 35.Rxd7 fxg4 36.Rd4 Ra8
37.Kf1 Ra2 38.Rxe4 h5 39.Re5 Rc2 40.Rxh5 Rxc4 41.Rb5 Rc6 42.g3 Kh7 43.Ke2 g6
44.Ke3 Kh6 45.Rd5 Rf6 46.Rd2 Kg5 47.Ke4 Rf8 48.Kd4 Rf5 49.Ke4 Kf6 50.Rd6+ Kg7
51.Ke3 Rb5 52.Rd4 Rg5 53.Rf4 Kh6 54.Kd4 Kg7 55.Kc4 Kh6 56.Rf6 b5+ 57.Kd4 Rh5
58.Rf8 Kg5 59.Kc5 Kh6+ 60.Kc6 Kg7 61.Rf4 Rxh2 62.Kxb5 Kh6 63.Kc5 g5 64.Rxg4 Rxf2
65.b5 Kh5  1-0

[Event "5th Marseille Open"]
[Site "Marseille FRA"]
[Date "2012.12.27"]
[Round "3.38"]
[White "Tatinian,W"]
[Black "Leibenguth,Pablo"]
[Result "0-1"]
[WhiteElo "1853"]
[BlackElo "1638"]

1.d4 d5 2.c4 c6 3.e3 Nf6 4.Nc3 e6 5.Nf3 Nbd7 6.Qc2 Bd6 7.g4 h6 8.Bd2 e5 9.e4 exd4
10.Nxd4 Bc5 11.Nb3 Qe7 12.O-O-O dxc4 13.Nxc5 Nxc5 14.f3 b5 15.g5 hxg5 16.Bxg5 Qb7
17.Qf2 Ne6 18.e5 Nd5 19.Ne4 Qb6 20.Nd6+ Kf8 21.Qxb6 axb6 22.Bd2 Rh5 23.h4 Rxe5
24.h5 Ke7 25.Nxc8+ Rxc8 26.h6 gxh6 27.Rxh6 Ndf4 28.Bc3 Rh5 29.Bf6+ Ke8 30.Rxh5 Nxh5
31.Bh4 f6 32.Bh3 Nhf4 33.Bxe6 Nxe6 34.Bxf6 Kf7 35.Bc3 Rd8 36.Rxd8 Nxd8 37.a4 bxa4
38.Bd4 b5 39.Kc2 Ke6 40.Kc3 Kf5 41.Be3 Ne6 42.Kb4 Ke5 43.Ka5 Kd5 44.Bd2 Nd4
45.Bc3 Nxf3 46.Kb6 Ne5 47.Ka5 Nd3 48.Bd2 Nxb2  0-1

[Event "5th Marseille Open"]
[Site "Marseille FRA"]
[Date "2012.12.27"]
[Round "3.40"]
[White "Esposito,J"]
[Black "Sage,Jean-claude"]
[Result "1-0"]
[WhiteElo "1823"]
[BlackElo "1630"]

1.d4 d5 2.c4 c6 3.Nc3 Nf6 4.e3 e6 5.Nf3 Nbd7 6.Qc2 Be7 7.g4 dxc4 8.Bxc4 b5
9.Bd3 Bb7 10.g5 Nh5 11.e4 a6 12.Be3 c5 13.Rg1 c4 14.Be2 g6 15.Rd1 Qa5 16.d5 Bc5
17.dxe6 Bxe3 18.exd7+ Ke7 19.fxe3 Rhd8 20.Qd2 Qc7 21.Nd5+ Bxd5 22.Qxd5 Ra7
23.Ne5  1-0

[Event "21st Donau Open 2012"]
[Site "Aschach AUT"]
[Date "2012.12.28"]
[Round "4"]
[White "Koziak,V"]
[Black "Sandhoefner,F"]
[Result "1-0"]
[WhiteElo "2503"]
[BlackElo "2221"]

1.d4 d5 2.c4 c6 3.Nc3 Nf6 4.e3 e6 5.Nf3 Nbd7 6.Bd3 Bd6 7.e4 dxe4 8.Nxe4 Nxe4
9.Bxe4 e5 10.O-O exd4 11.Qxd4 Qf6 12.Rd1 Qxd4 13.Nxd4 Bc5 14.Be3 O-O 15.Nxc6 bxc6
16.Bxc6 Rb8 17.Bxd7 Bxe3 18.fxe3 Rxb2 19.Bc6 Be6 20.c5 Rc8 21.Bf3 Kf8 22.c6 Bxa2
23.Rd7 a6 24.Rxa2 Rxa2 25.c7 Re8 26.Bc6 Rc2 27.Ba4 Rc1+ 28.Kf2 Kg8 29.Ke2 g6
30.Kd3 Kg7 31.Rd8 Rxe3+ 32.Kxe3 Rxc7 33.Ra8 Re7+ 34.Kf3 Re6 35.Ra7 Rb6 36.Bd1 Rf6+
37.Ke3 Re6+ 38.Kf2 Rf6+ 39.Ke1 h5 40.Be2 Kg8 41.Rxa6 Rf5 42.Ra7 Kg7 43.Bf3 Rf6
44.Ke2 Rf5 45.Ke3 Kg8 46.Kd4 Kg7 47.Be4 Rf6 48.Rb7 Rd6+ 49.Bd5 Rf6 50.Rb3 Rf1
51.Rf3 Rd1+ 52.Kc5 f6 53.Rf2 Re1 54.Kd6 h4 55.Be6 g5 56.Ke7 Rb1 57.Bf5 Re1+
58.Kd6 Rd1+ 59.Kc5 Re1 60.Kd4 Rd1+ 61.Ke3 Rd5 62.g4 Re5+ 63.Kd4 Re1 64.Kc5 Re5+
65.Kd6 Re1 66.Rc2 Rd1+ 67.Ke7 Re1+ 68.Be6 Rb1 69.Rc7 Rb2 70.Ke8+ Kh8 71.Kf7  1-0

[Event "88th Hastings Masters"]
[Site "Hastings ENG"]
[Date "2012.12.28"]
[Round "1.1"]
[White "Jones,G"]
[Black "Haydon,D"]
[Result "1-0"]
[WhiteElo "2644"]
[BlackElo "2315"]

1.d4 c6 2.c4 d5 3.Nc3 Nf6 4.e3 e6 5.Nf3 Nbd7 6.Bd3 Bd6 7.e4 dxe4 8.Nxe4 Nxe4
9.Bxe4 Nf6 10.Bc2 Qa5+ 11.Bd2 Bb4 12.O-O Bxd2 13.Nxd2 O-O 14.Qe2 Qc7 15.Rfd1 b6
16.Qe5 Qe7 17.Ne4 Bb7 18.Nd6 Rfd8 19.c5 Ne8 20.Nxe8 Rxe8 21.Rac1 Rad8 22.Be4 f6
23.Qh5 f5 24.Bc2 Qf6 25.Bb3 g6 26.Qe2 Rxd4 27.Rxd4 Qxd4 28.cxb6 axb6 29.Rd1 Qc5
30.Qd2 Kg7 31.Qd7+ Qe7 32.Qd4+ e5 33.Qxb6 f4 34.f3 Kh6 35.Bc2 Ra8 36.a3 Ra6
37.Qd8 Qxd8 38.Rxd8 Ra5 39.h4 c5 40.Bd3 Ra4 41.Rd7 Ba8 42.Bb5 Rd4 43.Rxd4 exd4
44.a4 Kg7 45.a5 Kf6 46.a6 Ke7 47.Bd3 Kd6 48.Be4  1-0

[Event "36th Zurich Christmas Open"]
[Site "Zuerich SUI"]
[Date "2012.12.28"]
[Round "4.3"]
[White "Stojanovic,Mih"]
[Black "Baramidze,D"]
[Result "1/2-1/2"]
[WhiteElo "2566"]
[BlackElo "2615"]

1.Nf3 d5 2.d4 Nf6 3.c4 e6 4.Nc3 c6 5.e3 Nbd7 6.b3 Bb4 7.Bd2 O-O 8.Bd3 b6
9.O-O Bb7 10.Nxd5 Bxd2 11.Nxf6+ Qxf6 12.Qxd2 c5 13.Be2 Rad8 14.Rfd1 e5 15.dxc5 e4
16.Ne1 Ne5 17.Qb4 Qe7 18.Rxd8 Rxd8 19.Rd1 Rxd1 20.Bxd1 bxc5 21.Qd2 f5 22.Be2 g5
23.a3 Qc7 24.b4 f4 25.exf4 gxf4 26.bxc5 f3 27.Bf1 Qxc5 28.Qg5+ Kf7 29.Qf5+ Ke8
30.Qh5+ Kd8 31.Qxh7 e3 32.Qh4+ Kc7 33.gxf3 exf2+ 34.Qxf2 Qxa3 35.Be2 a5 36.f4 Nd7
37.Bf3 Qc1 38.Bxb7  1/2-1/2

[Event "36th Zurich Christmas Open"]
[Site "Zuerich SUI"]
[Date "2012.12.28"]
[Round "4.6"]
[White "Melkumyan,H"]
[Black "Pikula,D"]
[Result "1-0"]
[WhiteElo "2649"]
[BlackElo "2485"]

1.d4 d5 2.c4 c6 3.Nc3 Nf6 4.e3 e6 5.Nf3 Nbd7 6.Bd3 dxc4 7.Bxc4 b5 8.Bd3 Bb7
9.O-O Bd6 10.a3 a5 11.Qc2 O-O 12.e4 e5 13.h3 exd4 14.Nxd4 Re8 15.Nf5 Bf8
16.Bf4 b4 17.Na4 c5 18.f3 Ne5 19.Bb5 Re6 20.Rfd1 Qc7 21.Kh1 Ba6 22.Bxa6 Raxa6
23.b3 bxa3 24.Bh2 Qc8 25.f4 Nc6 26.e5 Nb4 27.Qc4 Nd7 28.Rxa3 Nb6 29.Nxb6 Rexb6
30.Ne3 Nc6 31.Nd5 Rb8 32.f5 Ra7 33.e6 Rb6 34.Ra2 fxe6 35.fxe6 Qxe6 36.Re2 Qf7
37.Rf2  1-0

[Event "Groningen Open A"]
[Site "Groningen NED"]
[Date "2012.12.29"]
[Round "8.9"]
[White "Wallace,JP"]
[Black "Breder,D"]
[Result "0-1"]
[WhiteElo "2398"]
[BlackElo "2438"]

1.d4 d5 2.c4 c6 3.Nc3 Nf6 4.e3 e6 5.Nf3 Nbd7 6.Qc2 Bd6 7.b3 O-O 8.Be2 e5
9.cxd5 Nxd5 10.Nxd5 cxd5 11.dxe5 Nxe5 12.O-O Nxf3+ 13.Bxf3 Qh4 14.g3 Qf6
15.Bxd5 Bf5 16.e4 Bh3 17.e5 Bxe5 18.Rb1 Rac8 19.Qe2 Bxf1 20.Kxf1 b6 21.a4 Rfe8
22.Be3 Bd4 23.Bxd4 Qf5 24.Qb5 Qxb1+ 25.Kg2 Qf5 26.Bc6 Qxb5 27.Bxb5 Re4  0-1

[Event "Groningen Open A"]
[Site "Groningen NED"]
[Date "2012.12.29"]
[Round "8.1"]
[White "Andriasian,Z"]
[Black "Michalik,P"]
[Result "1/2-1/2"]
[WhiteElo "2605"]
[BlackElo "2508"]

1.c4 c6 2.d4 d5 3.Nc3 Nf6 4.e3 e6 5.Nf3 Nbd7 6.Qc2 Bd6 7.Bd3 O-O 8.O-O h6
9.b3 b6 10.Bb2 Bb7 11.Rad1 Qc7 12.Rfe1 Rad8 13.Qe2 Rfe8 14.h3 dxc4 15.bxc4 e5
16.Qc2 exd4 17.exd4 Qb8 18.Ne4 Nxe4 19.Bxe4  1/2-1/2

[Event "XXIII Krakow Open"]
[Site "Krakow POL"]
[Date "2012.12.29"]
[Round "3.13"]
[White "Malaniuk,V"]
[Black "Lewtak,Da"]
[Result "1/2-1/2"]
[WhiteElo "2523"]
[BlackElo "2195"]

1.d4 d5 2.c4 c6 3.Nc3 Nf6 4.e3 e6 5.Nf3 Nbd7 6.Qc2 Bd6 7.Bd3 dxc4 8.Bxc4 b5
9.Bd3 Bb7 10.O-O O-O 11.Rd1 b4 12.Na4 Qe7 13.e4 e5 14.dxe5 Nxe5 15.Nxe5 Bxe5
16.h3 Bd4 17.Re1 c5 18.Be3 Rac8 19.a3 bxa3 20.Rxa3 Bxe3 21.Rxe3 c4 22.Bxc4 Bxe4
23.Qb3 Qc7 24.Bf1 Bd5 25.Qd1 Qc1 26.Re1 Qc7 27.Nc3 Be6 28.Qa1 Ra8 29.Nb5 Qb6
30.Ra6 Qb7 31.Rxa7 Rxa7 32.Qxa7 Qxa7 33.Nxa7 Rb8 34.Nb5 Kf8 35.f3 Nd5 36.Rc1 f5
37.Nd4 Bd7 38.Rc5 Ne3 39.Bb5 Bxb5 40.Rxb5 Rxb5 41.Nxb5 Ke7 42.Nc3 Kd6 43.Kf2 f4
44.g3 g5 45.gxf4 gxf4 46.Ke2 Nc4 47.b4 Ne5 48.Ne4+ Kd5 49.Nf6+ Kc4 50.Nxh7 Kxb4
51.Ng5 Kc4 52.h4 Kd5 53.h5 Kd6 54.Nh3 Ke6 55.Nxf4+ Kf5 56.Nh3 Nd7  1/2-1/2

[Event "Piterenka Rapid 2012"]
[Site "Moscow RUS"]
[Date "2012.12.29"]
[Round "1"]
[White "Grischuk,A"]
[Black "Jakovenko,D"]
[Result "1-0"]
[WhiteElo "2764"]
[BlackElo "2741"]

1.d4 d5 2.c4 c6 3.Nc3 Nf6 4.e3 e6 5.Nf3 a6 6.b3 Bb4 7.Bd2 Nbd7 8.g3 O-O 9.Bg2 b6
10.O-O a5 11.a3 Be7 12.e4 Nxe4 13.Nxe4 dxe4 14.Ne5 Nxe5 15.dxe5 c5 16.Bxe4 Ra7
17.Qc2 g6 18.Bh6 Re8 19.h4 Bb7 20.Rad1 Qc7 21.Bxb7 Rxb7 22.Qe4 Rbb8 23.Rd3 Rbd8
24.Rfd1 Rxd3 25.Rxd3 Rd8 26.Rxd8+ Qxd8 27.Qc6 Kh8 28.Kg2 Kg8 29.a4 Kh8 30.Qb7 Kg8
31.Qf3 Qb8 32.h5 Bf8 33.Bxf8 Qxf8 34.Qb7 gxh5 35.Qxb6 Qe7 36.Qxa5 Qb7+ 37.Kg1 Qxb3
38.Qxc5 Qxa4 39.Qd4 Kg7 40.Qf4 Qc2 41.Qf6+ Kg8 42.Qg5+ Kf8 43.Qd8+ Kg7 44.Qd4 Qb1+
45.Kg2 Qb7+ 46.Kh2 Qb4 47.Qf4 Qc3 48.Kh3 Qe1 49.Kg2 Qc3 50.Qe4 Kg8 51.Kh3 Qd2
52.Qf4 Qe1 53.Kh4 h6 54.Kxh5 Qh1+ 55.Kg4 Qd1+ 56.f3 Qc2 57.Qe4 Qc1 58.Qf4 Qc2
59.Kh3 Kg7 60.Qg4+ Kf8 61.Qe4 Qc1 62.Qf4 Qh1+ 63.Kg4 Ke7 64.c5 h5+ 65.Kg5 Qg1
66.c6 Qc5 67.Qe4 f5  1-0

[Event "XLII Rilton Cup"]
[Site "Stockholm SWE"]
[Date "2012.12.29"]
[Round "3.33"]
[White "Olofsson-Dolk,Mattis"]
[Black "Johansson,G1"]
[Result "0-1"]
[WhiteElo "2024"]
[BlackElo "2223"]

1.d4 d5 2.c4 c6 3.Nf3 Nf6 4.Nc3 e6 5.e3 Nbd7 6.Bd3 Bd6 7.O-O O-O 8.e4 dxc4
9.Bxc4 e5 10.Bg5 Qe7 11.d5 h6 12.Bh4 Rd8 13.Qe2 Nf8 14.Rfd1 Ng6 15.Bg3 b5
16.Bb3 b4 17.Nb1 cxd5 18.exd5 Bb7 19.Nh4 Nf4 20.Bxf4 exf4 21.Qxe7 Bxe7 22.Nf5 Bf8
23.Nd2 Bxd5 24.Bxd5 Rxd5 25.Nh4 Rad8 26.Nhf3 Ne4  0-1

[Event "36th Zurich Christmas Open"]
[Site "Zuerich SUI"]
[Date "2012.12.29"]
[Round "6.6"]
[White "Sebenik,M"]
[Black "Baramidze,D"]
[Result "1/2-1/2"]
[WhiteElo "2543"]
[BlackElo "2615"]

1.d4 d5 2.c4 c6 3.Nc3 Nf6 4.Nf3 e6 5.e3 Nbd7 6.Qc2 Bd6 7.Bd3 O-O 8.O-O e5
9.cxd5 cxd5 10.Nb5 Bb8 11.dxe5 Nxe5 12.Nxe5 Bxe5 13.Bd2 a6 14.Nd4 Bg4 15.h3 Bh5
16.Bc3 Bg6 17.Bxg6 hxg6 18.Ne6 fxe6 19.Bxe5 Kf7 20.Qb3 Qd7 21.f3 Rfc8 22.e4 Qb5
23.Qe3 dxe4 24.Bc3 exf3 25.Qxf3 Rc5 26.Bxf6 Rf5 27.Qc3 gxf6 28.Qc7+ Kg8 29.Rxf5 exf5
30.Re1 Re8 31.Rxe8+  1/2-1/2

[Event "Pan-Am Intercollegiate 2012"]
[Site "Princeton USA"]
[Date "2012.12.30"]
[Round "6"]
[White "Wang,E"]
[Black "Meduri,Aakaash"]
[Result "0-1"]
[WhiteElo "2139"]
[BlackElo "1992"]

1.d4 d5 2.c4 c6 3.Nc3 Nf6 4.e3 e6 5.Nf3 Nbd7 6.Qc2 Bd6 7.e4 Nxe4 8.Nxe4 dxe4
9.Qxe4 Nf6 10.Qh4 Qa5+ 11.Bd2 Bb4 12.Bd3 Bxd2+ 13.Nxd2 Bd7 14.a3 Rd8 15.O-O-O h6
16.Nf3 c5 17.g4 Ba4 18.Rde1 cxd4 19.g5 Nd7 20.g6 Nc5 21.gxf7+ Kf8 22.Ne5 Nxd3+
23.Nxd3 Qg5+ 24.Qxg5 hxg5 25.Ne5 Rh3 26.Ref1 Rb3 27.f4 Re3 28.Rhg1 d3 29.Kd2 Re2+
30.Kc3 a5 31.Ng6+ Kxf7 32.Ne5+ Kg8 33.Nxd3 Rc2+  0-1

[Event "Australian Open 2013"]
[Site "Cammeray AUS"]
[Date "2013.01.02"]
[Round "1.21"]
[White "Charles,Ga"]
[Black "Wan,D"]
[Result "1-0"]
[WhiteElo "2159"]
[BlackElo "1803"]

1.d4 d5 2.c4 c6 3.Nf3 Nf6 4.Nc3 e6 5.e3 Bd6 6.Bd3 dxc4 7.Bxc4 b5 8.Bd3 b4
9.Na4 Nbd7 10.Bd2 Bb7 11.e4 e5 12.dxe5 Nxe5 13.Nxe5 Bxe5 14.Bxb4 Bd6 15.Bxd6 Qxd6
16.O-O O-O 17.Rc1 Rad8 18.Nc5 Bc8 19.Qe2 Qf4 20.f3 Rfe8 21.Qf2 Re5 22.Rfd1 Rde8
23.Bf1 Rh5 24.g3 Qc7 25.b4 Rg5 26.Bg2 h5 27.f4 Rg6 28.e5 Ng4 29.Qf3 Nxh2
30.Kxh2 Bg4 31.Qd3 h4 32.gxh4 Qe7 33.Rh1 Rd8 34.Qe3 Bf3 35.Qxf3 Rd2 36.Kg1 Rgxg2+
37.Qxg2 Rxg2+ 38.Kxg2 Qe8 39.Rcd1 Qb8 40.Rd4 Qb5 41.Kf3 a5 42.a3 Qb6 43.Rhd1 axb4
44.axb4 Qa7 45.Ne4 Qa3+ 46.Kg4 Qe3 47.Rd8+ Kh7 48.Ng5+  1-0

[Event "1st Mare D'Inverno Open"]
[Site "Gabicce Mare ITA"]
[Date "2013.01.02"]
[Round "1.1"]
[White "Ruck,R1"]
[Black "Rago,R"]
[Result "1-0"]
[WhiteElo "2571"]
[BlackElo "2061"]

1.Nf3 d5 2.d4 Nf6 3.c4 c6 4.Nc3 e6 5.e3 Nbd7 6.Qc2 Bd6 7.b3 O-O 8.Be2 e5
9.Bb2 exd4 10.Nxd4 dxc4 11.bxc4 Re8 12.Rd1 Qc7 13.Nf5 Bf8 14.O-O Nc5 15.Ng3 Bg4
16.Rd4 Bxe2 17.Ncxe2 Rad8 18.Rh4 Ncd7 19.Rd1 Ne5 20.Rhd4 Rxd4 21.exd4 Ng6
22.Nf5 Qa5 23.Ne3 Ne4 24.Ng3 Nf6 25.d5 cxd5 26.Bxf6 gxf6 27.cxd5 Bd6 28.Ne4 Be5
29.g3 Rd8 30.d6 Qb6 31.Nf5 Kh8 32.Qd2 Qc6 33.Qh6 Rg8 34.d7 Bc7 35.d8=Q  1-0

[Event "XXIII Krakow Open"]
[Site "Krakow POL"]
[Date "2013.01.02"]
[Round "7.1"]
[White "Golichenko,I"]
[Black "Mastrovasilis,D"]
[Result "1/2-1/2"]
[WhiteElo "2414"]
[BlackElo "2616"]

1.d4 d5 2.c4 c6 3.Nf3 Nf6 4.Nc3 e6 5.e3 Nbd7 6.Bd3 dxc4 7.Bxc4 b5 8.Bd3 b4
9.Ne4 Bb7 10.O-O Nxe4 11.Bxe4 Be7 12.Qc2 Rc8 13.Ne5 Nxe5 14.dxe5 Qc7 15.b3 c5
16.Bxb7 Qxb7 17.Qc4 O-O 18.e4 Rfd8 19.Be3 Qd7 20.Rfc1 a5 21.Rc2 a4 22.Rac1 axb3
23.axb3 Qd3 24.g3 h6 25.Qxd3 Rxd3 26.Rb1 c4 27.Rxc4  1/2-1/2

[Event "XLII Rilton Cup"]
[Site "Stockholm SWE"]
[Date "2013.01.02"]
[Round "6.18"]
[White "Hillarp Persson,T"]
[Black "Johansen,St"]
[Result "1-0"]
[WhiteElo "2546"]
[BlackElo "2018"]

1.d4 d5 2.c4 c6 3.Nf3 Nf6 4.Nc3 e6 5.e3 a6 6.Bd2 b5 7.c5 Nbd7 8.b4 Qc7 9.a4 Rb8
10.axb5 axb5 11.g3 e5 12.Bg2 e4 13.Ng5 Be7 14.f3 Ng8 15.Nh3 f5 16.fxe4 fxe4
17.Nf4 Ndf6 18.O-O Nh6 19.Nfxd5 cxd5 20.Nxd5 Nxd5 21.Qh5+ g6 22.Qxd5 Bb7
23.Qe6 Qc6 24.Qe5 Kd7 25.Bh3+ Nf5 26.Rxf5  1-0

[Event "Australian Open 2013"]
[Site "Cammeray AUS"]
[Date "2013.01.03"]
[Round "2.1"]
[White "Viswanath,G"]
[Black "Khenkin,I"]
[Result "0-1"]
[WhiteElo "2030"]
[BlackElo "2659"]

1.d4 d5 2.Nf3 Nf6 3.c4 e6 4.Nc3 c6 5.e3 Nbd7 6.Bd3 dxc4 7.Bxc4 b5 8.Bd3 Bb7
9.Qe2 b4 10.Ne4 c5 11.Nxf6+ gxf6 12.b3 Bd6 13.Bb2 Rg8 14.Bxh7 Rxg2 15.O-O-O Qc7
16.Bc2 Rc8 17.Kb1 c4 18.bxc4 Qxc4 19.Bd3 Qd5 20.e4 Qh5 21.Rdg1 Rxg1+ 22.Nxg1 Qh6
23.Nf3 Nb6 24.Nd2 Ke7 25.Bc2 Rg8 26.f3 Kf8 27.e5 Be7 28.exf6 Bxf6 29.Ne4 Be7
30.Nc5 Bd5 31.Qe5 Rg2 32.Bc1 Qh3 33.Be4 Nc4 34.Qb8+ Kg7 35.Qxb4 Bxc5 36.dxc5 Bxe4+
37.fxe4 Qd3+ 38.Ka1 Qd4+ 39.Kb1 Qxe4+ 40.Ka1 Qd4+ 41.Kb1 a5 42.Qb3 a4 43.Rd1 axb3
44.Rxd4 bxa2+ 45.Ka1 Na5 46.Rd3 Rg1 47.Rc3 Nb3+ 48.Kxa2 Nxc1+ 49.Kb2 Ne2
50.Rc4 Kf6  0-1

[Event "XLII Rilton Cup"]
[Site "Stockholm SWE"]
[Date "2013.01.03"]
[Round "7.7"]
[White "Ivanov,Sergey1"]
[Black "Lindgren,P"]
[Result "1-0"]
[WhiteElo "2550"]
[BlackElo "2232"]

1.d4 Nf6 2.c4 e6 3.Nf3 d5 4.Nc3 c6 5.e3 Nbd7 6.Qc2 Bd6 7.b3 e5 8.cxd5 Nxd5
9.Ne4 Bb4+ 10.Bd2 Qe7 11.Bc4 exd4 12.Nxd4 N7b6 13.O-O O-O 14.Ng3 c5 15.e4 cxd4
16.exd5 Bxd2 17.Qxd2 Qc5 18.Rac1 Nxd5 19.Qg5 f5 20.Nh5  1-0

[Event "88th Hastings Masters"]
[Site "Hastings ENG"]
[Date "2013.01.05"]
[Round "9.8"]
[White "Farid,F"]
[Black "Kulaots,K"]
[Result "0-1"]
[WhiteElo "2338"]
[BlackElo "2581"]

1.d4 Nf6 2.Nf3 e6 3.c4 d5 4.Nc3 c6 5.e3 Nbd7 6.a3 Bd6 7.Bd3 O-O 8.O-O Qe7
9.Re1 dxc4 10.Bxc4 e5 11.e4 exd4 12.e5 Nxe5 13.Nxe5 Bxe5 14.Bf4 dxc3 15.Bxe5 cxb2
16.Bxb2 Be6 17.Qf3 Rfe8 18.Rac1 Qd6 19.Be5 Qf8 20.Bd3 Nd7 21.Bd4 Qd6 22.Red1 Bd5
23.Qh3 h6 24.Bf5 Nf8 25.Qg4 Ng6 26.h3 b6 27.Be3 Rad8 28.h4 Qf6 29.h5 Ne5
30.Qh3 c5 31.f4 Nc6 32.Bb1 Nd4 33.Bxd4 cxd4 34.Qf5 Qxf5 35.Bxf5 Be4  0-1

[Event "11th Parsvnath Open"]
[Site "New Delhi IND"]
[Date "2013.01.05"]
[Round "2.2"]
[White "Aleksandrov,A"]
[Black "Ankit,R"]
[Result "1-0"]
[WhiteElo "2607"]
[BlackElo "2407"]

1.d4 d5 2.c4 c6 3.Nc3 Nf6 4.e3 e6 5.Nf3 Nbd7 6.Bd3 dxc4 7.Bxc4 b5 8.Bd3 Bd6
9.O-O O-O 10.Bd2 Bb7 11.Ne2 e5 12.Ng3 Re8 13.Qc2 exd4 14.exd4 Nf8 15.Nf5 Ne6
16.d5 Nxd5 17.Nxd6 Qxd6 18.Bxh7+ Kh8 19.Rae1 Nf6 20.Be4 b4 21.Re3 Kg8 22.Rfe1 Nxe4
23.Qxe4 a5 24.Qh4 Qd7 25.Re5 f6 26.Rh5 Kf7 27.Rh7 Qd3 28.Re4 Qd5 29.Qg4 Ng5
30.Qh5+  1-0

[Event "11th Parsvnath Open"]
[Site "New Delhi IND"]
[Date "2013.01.06"]
[Round "3.15"]
[White "Murshed,N"]
[Black "Suvrajit,S"]
[Result "1-0"]
[WhiteElo "2473"]
[BlackElo "2336"]

1.d4 d5 2.c4 c6 3.Nc3 Nf6 4.e3 e6 5.Nf3 Nbd7 6.Qc2 g6 7.Be2 Bg7 8.O-O O-O
9.b3 b6 10.a4 a5 11.Rd1 Bb7 12.Ba3 Re8 13.Bd6 Ra7 14.Rac1 Qa8 15.Ne5 Nxe5
16.Bxe5 Qd8 17.Bf3 Bf8 18.e4 Nxe4 19.Bxe4 dxe4 20.Nxe4 Be7 21.c5 Ba8 22.cxb6 Qxb6
23.Nf6+ Bxf6 24.Bxf6 Qb4 25.Qd3 Rd7 26.Qe3 Qf8 27.h4 Rd5 28.Rc5 Bb7 29.Re1 h6
30.Qf4 Ra8 31.Rxd5 cxd5 32.Rc1 Ba6 33.Rc7 Rc8 34.Rxc8 Bxc8 35.Qc7 Kh7 36.Qxa5 Bd7
37.Qc5 Kg8 38.Kf1 Qb8 39.Qe7 Qc8 40.g3 Qe8 41.Qxe8+ Bxe8 42.Ke2  1-0

[Event "XXIV Roquetas Open"]
[Site "Roquetas de Mar ESP"]
[Date "2013.01.06"]
[Round "8.2"]
[White "Plaskett,J"]
[Black "Lopez Martinez,Josep"]
[Result "1-0"]
[WhiteElo "2495"]
[BlackElo "2499"]

1.d4 Nf6 2.c4 e6 3.Nf3 d5 4.Nc3 c6 5.e3 Nbd7 6.Bd3 dxc4 7.Bxc4 b5 8.Bd3 Bd6
9.a4 b4 10.Ne4 Nxe4 11.Bxe4 Bb7 12.Qc2 Rc8 13.O-O f5 14.Bd3 c5 15.Qe2 c4
16.Bb1 Nf6 17.e4 fxe4 18.Ng5 Bd5 19.f3 exf3 20.Nxf3 O-O 21.Ne5 Bxe5 22.dxe5 Nd7
23.Rd1 Qh4 24.Be3 Nxe5 25.Rd4 Qe7 26.Bc2 Nd7 27.Re1 Rf7 28.Qh5 g6 29.Qh3 Rcf8
30.Bh6 Qc5 31.Qe3 Rf2 32.Be4 Bxe4 33.Rxe4 R8f6 34.Qxc5 Nxc5 35.Rxc4 Nxa4
36.Rc8+ Kf7 37.Ra1 Ke7 38.Bg5 Nxb2 39.Rxa7+ Kd6 40.Bxf6 Rxf6 41.Rc2  1-0

[Event "XXIV Roquetas Open"]
[Site "Roquetas de Mar ESP"]
[Date "2013.01.06"]
[Round "8.2"]
[White "Plaskett,J"]
[Black "Lopez Martinez,Josep"]
[Result "1-0"]
[WhiteElo "2495"]
[BlackElo "2499"]

1.d4 Nf6 2.c4 e6 3.Nf3 d5 4.Nc3 c6 5.e3 Nbd7 6.Bd3 dxc4 7.Bxc4 b5 8.Bd3 Bd6
9.a4 b4 10.Ne4 Nxe4 11.Bxe4 Bb7 12.Qc2 Rc8 13.O-O f5 14.Bd3 c5 15.Qe2 c4
16.Bb1 Nf6 17.e4 fxe4 18.Ng5 Bd5 19.g3  1-0

[Event "Australian Open 2013"]
[Site "Cammeray AUS"]
[Date "2013.01.07"]
[Round "6.45"]
[White "Neudel,B"]
[Black "Louie,Jared"]
[Result "1-0"]
[WhiteElo "1904"]
[BlackElo "1735"]

1.d4 Nf6 2.Nf3 d5 3.c4 e6 4.e3 c6 5.Nc3 Bd6 6.Bd3 dxc4 7.Bxc4 Nbd7 8.O-O b5
9.Bd3 Bb7 10.b3 O-O 11.Bb2 a6 12.Rc1 c5 13.Qe2 Qe7 14.Rfd1 Rac8 15.a4 b4
16.Nb1 a5 17.Nbd2 Nb6 18.e4 Bf4 19.g3 Bxd2 20.Nxd2 Nfd7 21.Qe3 Rfd8 22.Bb5 cxd4
23.Bxd4 Rxc1 24.Rxc1 Nc8 25.Nc4 e5 26.Bb2 Nc5 27.f3 Rd3 28.Qe2 Rxb3 29.Nxa5 Rxb2
30.Qxb2 Na6 31.Qc2 Qd8 32.Nxb7 Qd4+ 33.Qf2 Qxf2+ 34.Kxf2 Nb6 35.Bxa6 h6 36.Rb1 Nxa4
37.Rxb4 Nc3 38.Bc4 Nd1+ 39.Ke1 Ne3 40.Kd2 Nxc4+ 41.Rxc4 Kh7 42.Nd6 Kg6 43.f4 Kf6
44.Rc5 exf4 45.gxf4 Ke6 46.Nc4 f6 47.f5+ Kf7 48.Rc7+ Kg8 49.Ne3 Kh7 50.Nd5 Kh8
51.Nf4 h5 52.Nxh5 g6 53.fxg6 Kg8 54.Rc8+  1-0

[Event "11th Parsvnath Open"]
[Site "New Delhi IND"]
[Date "2013.01.07"]
[Round "4.31"]
[White "Saravanan,V1"]
[Black "Sidhant,M"]
[Result "1/2-1/2"]
[WhiteElo "2389"]
[BlackElo "2233"]

1.Nf3 d5 2.d4 Nf6 3.c4 c6 4.e3 e6 5.Nc3 Nbd7 6.Qc2 Bd6 7.Bd3 O-O 8.O-O Qe7
9.c5 Bc7 10.e4 dxe4 11.Nxe4 Nxe4 12.Bxe4 h6 13.Bd2 Nf6 14.Bd3 Rd8 15.Rfe1 Bd7
16.Qc1 Nd5 17.Ne5 Bxe5 18.Rxe5 Qf6 19.Qe1 Nf4 20.Bc2 Be8 21.Re4 Ng6 22.Bc3 Ne7
23.g3 Nd5 24.Bd2 Nc7 25.Bf4 Qe7 26.Bd6 Rxd6 27.cxd6 Qxd6 28.Rd1 Nd5 29.Bb3 Nf6
30.Re5 Bd7 31.Qe2 Rd8 32.Bc2 Bc8 33.h4 b6 34.g4 Nd7 35.Re3 Nf8 36.Rg3 Bb7
37.Qe5 Qe7 38.g5 Rd5 39.Qe3 h5 40.Be4 Rd7 41.Qf3 g6 42.Bxc6 Bxc6 43.Qxc6 Rc7
44.Qb5 Qd8 45.Qe5 Rd7 46.Rc3 Rd6 47.Rdc1 Rxd4 48.Rc8 Rg4+ 49.Kh2 Rxh4+ 50.Kg1  1/2-1/2

[Event "Prague Open A 2013"]
[Site "Prague CZE"]
[Date "2013.01.09"]
[Round "1.3"]
[White "Stefansson,H"]
[Black "Schneider,Al"]
[Result "1-0"]
[WhiteElo "2512"]
[BlackElo "2045"]

1.d4 d5 2.c4 c6 3.Nc3 Nf6 4.e3 e6 5.Nf3 Bd6 6.Bd3 O-O 7.O-O Nbd7 8.e4 dxc4
9.Bxc4 e5 10.a4 exd4 11.Qxd4 Bc5 12.Qd1 Nb6 13.Bd3 h6 14.a5 Nbd7 15.e5 Nh7
16.Ne4 Be7 17.Bf4 Ng5 18.Nfxg5 hxg5 19.Nxg5 Bxg5 20.Qh5 Nf6 21.exf6 Qxd3
22.fxg7 Kxg7 23.Qxg5+ Qg6 24.Qe7 Qe6 25.Be5+ Kg8 26.Qg5+ Qg6 27.Qh4 f6 28.Ra3  1-0

[Event "Australian Open 2013"]
[Site "Cammeray AUS"]
[Date "2013.01.10"]
[Round "8.43"]
[White "Neudel,B"]
[Black "Yang,Ray"]
[Result "1-0"]
[WhiteElo "1904"]
[BlackElo "1625"]

1.d4 d5 2.Nf3 e6 3.c4 c6 4.e3 Nf6 5.Nc3 Bd6 6.Be2 O-O 7.O-O Nbd7 8.Qc2 b6
9.e4 dxe4 10.Nxe4 Nxe4 11.Qxe4 Bb7 12.Bd3 Nf6 13.Qh4 c5 14.Bg5 h6 15.Bxf6 Qxf6
16.Qxf6 gxf6 17.dxc5 Bxc5 18.Be2 Rfd8 19.Rfd1 Rac8 20.Kf1 Bd6 21.b3 Bxf3
22.Bxf3 Bxh2 23.g3 Kh7 24.Kg2 Bxg3 25.Kxg3 Rg8+ 26.Kf4 Rc7 27.Rd2 Rg5 28.Be4+ Kg7
29.Rad1 e5+ 30.Ke3 f5 31.Bc2 Rc5 32.Rd5 Rc6 33.Rxe5 f4+ 34.Kd4 Rxe5 35.Kxe5 Re6+
36.Kxf4 Re2 37.Rc1 Rxf2+ 38.Kg3 Re2 39.a4 Re5 40.b4 Re3+ 41.Kf4 Rc3 42.Ke5 Rxc4
43.b5 Rc5+ 44.Kd6 f5 45.Rg1+ Kf6 46.Bd1 Rc4 47.Kd5 Rc5+ 48.Kd4 Rc7 49.Bf3 Rh7
50.Kd5 Rc7 51.Kd4 Rh7 52.Bh5 f4 53.Ke4 Rc7 54.Rg6+ Ke7 55.Rg7+ Kd6 56.Rxc7 Kxc7
57.Kxf4 Kb7 58.Be2 a6 59.bxa6+ Ka7 60.Kg4 h5+ 61.Kxh5 Kb8 62.Kg5 Ka7 63.Kf5 Kb8
64.Ke5 Ka7 65.Kd5 Kb8 66.Kc6 Ka8 67.Kxb6 Kb8 68.a7+ Ka8 69.Bf3+  1-0

[Event "ch-BLR w 2013"]
[Site "Minsk BLR"]
[Date "2013.01.10"]
[Round "1.1"]
[White "Brovko,N"]
[Black "Kovaleva,E"]
[Result "0-1"]
[WhiteElo "1984"]
[BlackElo "2066"]

1.d4 d5 2.c4 c6 3.Nc3 Nf6 4.Nf3 e6 5.e3 Nbd7 6.Bd3 dxc4 7.Bxc4 b5 8.Bd3 Bd6
9.O-O O-O 10.Bd2 Bb7 11.a3 a5 12.Rc1 Qb8 13.h3 h6 14.e4 e5 15.Be3 Re8 16.Qc2 b4
17.Nb1 exd4 18.Nxd4 Ne5 19.Rfd1 Nxd3 20.Qxd3 c5 21.Nb3 Bh2+ 22.Kh1 Bxe4 23.Qc4 Be5
24.Nxc5 Bxb2 25.Bd4 Bd5 26.Qc2 Bxd4 27.Rxd4 Qe5 28.Qd3 Rac8 29.axb4 axb4
30.Rxb4 Qg5  0-1

[Event "Australian Open 2013"]
[Site "Cammeray AUS"]
[Date "2013.01.11"]
[Round "9.27"]
[White "Viswanath,G"]
[Black "Buciu,A"]
[Result "1-0"]
[WhiteElo "2030"]
[BlackElo "1771"]

1.d4 d5 2.Nf3 Nf6 3.c4 e6 4.Nc3 c6 5.e3 Nbd7 6.Qc2 Be7 7.g4 h6 8.Rg1 Nh7
9.Bd2 Ng5 10.Nxg5 hxg5 11.cxd5 exd5 12.h3 Nf8 13.Bg2 Ne6 14.Ne2 a5 15.f4 gxf4
16.exf4 Bh4+ 17.Kf1 Qb6 18.Be3 Bf6 19.Rd1 Bd7 20.Rh1 Be7 21.f5 Nc7 22.Bf3 Na6
23.Nf4 Qc7 24.Kg2 Bh4 25.Ne2 Qd6 26.Bf4 Qe7 27.Be5 f6 28.Bf4 O-O-O 29.a3 Be8
30.Nc3 Qf7 31.Be2 Nc7 32.Na4 g6 33.Qc5 Qf8 34.Qa7 Rd6 35.Nb6+ Kd8 36.Qb8+ Ke7
37.Qxc7+ Rd7 38.Nxd7 Qg7 39.Nxf6+ Kf8 40.Bd6+  1-0